Normal view
MARC view
- Nawaz, Haq
Entry Personal Name
001 - CONTROL NUMBER
- control field: 98951
003 - CONTROL NUMBER IDENTIFIER
- control field: NUST
005 - DATE AND TIME OF LATEST TRANSACTION
- control field: 20220916121847.0
008 - FIXED-LENGTH DATA ELEMENTS
- fixed length control field: 220916|| aca||aabn | a|a d
040 ## - CATALOGING SOURCE
- Original cataloging agency: NUST
- Transcribing agency: NUST
100 ## - HEADING--PERSONAL NAME
- Personal name: Nawaz, Haq
670 ## - SOURCE DATA FOUND
- Source citation: Work cat.: (NUST): Nawaz, Haq , Comparative Analysis of 4X Smartphone Forensic Toolkits on iOS 13.4 Extracted Artifacts /
